| 000 | 00682nam a2200241Ia 4500 | ||
|---|---|---|---|
| 003 | OSt | ||
| 005 | 20220107122745.0 | ||
| 008 | 130318s9999 xx 000 0 und d | ||
| 020 | _a9781259005275 | ||
| 040 | _cIIITM-K | ||
| 082 | _a004.22 HAM/C;9 | ||
| 100 |
_aHamacher, Carl _95155 |
||
| 245 |
_aComputer organization _cby Carl Hamacher; Zvonko Vranesic; Zafwat Zaky |
||
| 250 | _a5th ed. | ||
| 260 |
_bMcGraw Hill, _aNew Delhi, _c2013. |
||
| 300 | _axx, 805p. | ||
| 650 |
_aCOMPUTER SCIENCE _95156 |
||
| 650 |
_aCOMPUTER ARCHITECTURE _95157 |
||
| 650 |
_aCOMPUTER ORGANIZATION _95158 |
||
| 700 |
_aVranesic, Zvonko _95159 |
||
| 700 |
_aZaky, Safwat _95160 |
||
| 942 |
_2ddc _cBK |
||
| 999 |
_c4160 _d4160 |
||